Quizzes
Events
Quiz Creation
Community
Videos
Private Events
Remove Ads
Sign In
Join for FREE
Feedback
Dark Mode
Quiz Categories
Sports
Geography
Music
Movies
Television
Just For Fun
Miscellaneous
History
Literature
Language
Science
Gaming
Entertainment
Religion
Holiday
For Kids
Quiz Lab
Recent
Popular Today
Quiz Kudos Today
Editor Picks
Curator Picks
Quizzes by...
Day
Popularity
Type
Ratings
Length
Year
Community
Subscriptions
Recent Discussions
Orange Saloon
Badges
Playlists
Quests
Create
Leaderboards
Showdown
Live 5
Trivia Bingo
Activity
Puzzle Library
Sporcle Events
Private Events
Virtual Trivia
Globe League
Become a Host
Pub Owners
SporcleCon
Opinionation
Our Games
Videos
Blog
Mobile Apps
Partnerships
Remove Ads and Go Orange
Feedback
Sports
Athletes
MLB
NBA
NHL
NFL
Soccer
Sports Teams
WWE
NCAA
Football
Premier League
Basketball
Baseball
Hockey
Golf
Tennis
Cricket
Rugby
Auto Racing
Olympics
World Cup
Sports
Athletes
MLB
NBA
NHL
NFL
Soccer
Sports Teams
WWE
NCAA
Football
Premier League
Basketball
Baseball
Hockey
Golf
Tennis
Cricket
Rugby
Auto Racing
Olympics
World Cup
Random Quiz
Search Sporcle
×
Quiz Lab
Quiz Lab
Sports
Wrestlers
Type in answers that appear in a list
Type in answers that appear in a list
Classic
Best Score? Go Orange.
BIG PPV Losers Stats
Can every wrestler to appear in the main event of one of the 4 big ppvs but never win
By
Jfprado88
15m
62 Questions
40 Plays
40 Plays
40 Plays
Comments
Comments
Give Quiz Kudos
Give Quiz Kudos
-
- Ratings
hide this ad
Replay
Link that replays current quiz
Next Quiz
Link to next quiz in quiz playlist
You Got
0%
They Got
Avg Score
48%
Avg Friend Score
Upgrade to see
Score Distribution
Jump to the score distribution portion of the page
Score
0/62
Timer
15:00
0
Plays Today
Answer
% Correct
Ted Dibiase
75%
King Kong Bundy
72.5%
Jeff Hardy
72.5%
Wade Barrett
72.5%
Roddy Piper
67.5%
John Morrison
67.5%
Sgt. Slaughter
65%
Vader
65%
Skipp Sheffield
65%
David Otunga
65%
Big Boss Man
65%
Shane Mcmahon
65%
Earthquake
62.5%
Rick Rude
62.5%
King Mabel
62.5%
Bam Bam Bigelow
60%
Booker T
60%
Justin Gabriel
60%
Heath Slater
60%
I.R.S.
60%
Kane
60%
Chris Jericho
57.5%
R Truth
57.5%
JBL
57.5%
Paul Orndorff
55%
Darren Young
55%
Michael Tarver
55%
Crush
55%
Carlito
55%
Mr Perfect
52.5%
Marc Henry
52.5%
Answer
% Correct
Rick Steiner
52.5%
Scott Steiner
52.5%
RVD
52.5%
Bobby Lashley
52.5%
One Man Gang
50%
Arn Anderson
50%
Typhoon
50%
Rey Mysterio
50%
Rick Martel
47.5%
Red Rooster
45%
Butch Reed
42.5%
Tito Santana
42.5%
Hercules
40%
Chris Masters
40%
The Warlord
37.5%
Paul Roma
35%
Don Muraco
35%
Bobby Heenan
35%
Snitsky
35%
Zeus
32.5%
Col. Mustafa
32.5%
General Adnan
32.5%
Koko B Ware
32.5%
Maven
32.5%
Ludvig Borga
22.5%
Quebecer Jacques
22.5%
Jim Powers
17.5%
Hillibilly Jim
17.5%
Ken Pantera
5%
Marty Jannety
2.5%
Jim Neighdhart
2.5%
Quiz Playlist
Details
Report
Send in Message
Add To Playlist
Classic:
Type in answers that appear in a list
Last Updated: Feb 16, 2017
Quiz Scoreboard
CHALLENGE
Sign Up to Join the Scoreboard
Show All
Scores
Hide
Comments
May contain spoilers
Recently Published
9x9 Crossword: Cartoon Network
by jackfrog10
Miscellaneous
3m
College Basketball Coaching Resumes
by pancakes188
Sports
9m
Billboard Blitz: Fleetwood Mac
by CooCooCachoo
Music
15s
More to Explore
Quiz From the Vault
Featured Blog Post
Where Did the Easter Bunny Come From?
hide this ad
You Might Also Like...
Tags
Event
Loser
Never
PPV
Win
Wrestlers
Today's Top Quizzes in Sports
Browse Sports
hide this ad
Today's Top Quizzes in Wrestlers
Browse Wrestlers
Top Contributed Quizzes in Sports
1
2022 World Cup Stars
2
Les meilleurs buteurs des matchs entre le PSG et l’OM
3
FIFA Club World Cup Champions
4
Les entraîneurs de l'OM et du PSG au 21e siècle
5
Criteria MLB: Left Handed Sluggers
6
AFC Teams Reveal (Wrong Answers Minefield)
7
2023 MLB Unique Player Accomplishments
8
Players with Multiple 50 Home Run Seasons
9
5-to-1: FBS Animal Nicknames
10
5-to-1: UK Sports Teams
Explore More
Trending Topics
Harry Potter
Marvel
NBA
Disney
Crossword
Anime
Kpop
The Office
WWE
Soccer
Country
Song
Pokémon
Puzzle
NFL
hide this ad
More By:
Jfprado88
Quiz
Plays
Rating
Category
Featured
Created
BIG PPV WINNERS
132
Sports
Jul 22, 2014
BIG PPV Losers
40
Sports
Jul 22, 2014
Go to Creator's Profile
Score Distribution
Quiz Creator Spotlight
Jfprado88
Follow
Send a Message
Quizzes Created
-
Created Quiz Play Count
-
More By This Creator
Popular Quizzes Today
1
Find the US States - No Outlines Minefield
2
Find the Countries of Europe - No Outlines Minefield
3
The Countries of the World
4
Find the US States
5
Risky Map Clicking: Biggest States A-Z
6
US States
7
Popular People in 1961
8
Movies - When Are They Set?
More Sports Quizzes
Significant Lives in 250 Words: Muhammad Ali
Editor's Pick
Trending Quizzes
Risky Map Clicking: Least Populous States A-Z
1-10 Letter G Words
1-10 Letter F Words
Risky Map Clicking: Next State Alphabetically
Adjectives in 80s TV Shows
Recently Updated
Leaping Animals
pecheneg
Reality TV Shows (A-Z)
bhenderson79
Rickey Henderson's Hall of Fame Teammates
pecheneg
Champions League XIs: Arsenal
pecheneg
Quick Pick: Celebrities in WWE's Hall of Fame
aduchscher
A-Z Keypad Blitz II
pecheneg
Multiple Oscar Actors
pecheneg
Mystery Phrase Blitz: Oscar 'Best Actors'
pecheneg
F. Scott Fitzgerald Novels
LTH
Pick 3 Villains
ddd62291
Trending Topics
Crossword
Marvel
NBA
Kpop
Disney
Anime
Harry Potter
The Office
Song
WWE
NFL
Soccer
Puzzle
Country
Pokémon
Your Account Isn't Verified!
In order to create a playlist on Sporcle, you need to verify the email address you used during registration. Go to your
Sporcle Settings
to finish the process.
Report this User
Report this user for behavior that violates our
Community Guidelines
.
Details:
Send Report
Go to the Sporcle.com Mobile Site →
Comments